Conversaciones con Juan Ramón Jímenez

Na minha lista:
Detalhes bibliográficos
Autor principal: Gullón, Ricardo (Author)
Formato: Livro
Idioma:espanhol
Publicado em: Madrid Taurus 1958
Assuntos:
Tags: Adicionar Tag
Sem tags, seja o primeiro a adicionar uma tag!

MARC

LEADER 00000nam a2200000 a 4500
001 UCY9251
003 CL-VaPUC
008 950713e19580000SP |||||||||||||||||spa|d
082 0 4 |a 861.09  |b GUL  |2 21 
100 |a Gullón, Ricardo  |e author  |9 424603 
245 1 0 |a Conversaciones con Juan Ramón Jímenez 
300 |a 204 
942 |c BK 
945 |d 19950713 00:00:00  |a rbrito 
260 |a Madrid  |b Taurus  |c 1958 
650 0 |a Poesía española  |9 264938 
650 0 |a Crítica e interpretación   |9 255042 
650 0 |a Entrevistas  |9 265537 
650 0 |a Conversación   |9 341332 
583 |a last modification  |c 19950713 00:00:00  |k Rodrigo Vera 
999 |c 236376  |d 236374 
952 |0 0  |1 0  |4 0  |6 861_090000000000000_GUL_1958  |7 0  |8 A  |9 244433  |a BIBEDU  |b BIBEDU  |d 2019-11-18  |i 310169K  |o 861.09 GUL 1958  |p 310169K  |r 2019-11-18  |w 2019-11-18  |y BK  |k LIT 
952 |0 0  |1 0  |4 0  |6 861_090000000000000_GUL_1958  |7 0  |8 A  |9 244434  |a BIBEDU  |b BIBEDU  |d 2019-11-18  |i 3272516  |o 861.09 GUL 1958  |p 3272516  |r 2019-11-18  |w 2019-11-18  |y BK  |k LIT